[Event "Aragon-chT Preferente Gr I"]
[Site "Aragon"]
[Date "2022.01.29"]
[Round "1.39"]
[White "Muro Guerrero, Miguel"]
[Black "Millan Martin, Alfonso"]
[Result "1-0"]
[WhiteElo "1906"]
[BlackElo "1953"]
[PlyCount "31"]
[EventDate "2022.01.29"]
[EventType "team-tourn"]
[EventRounds "9"]
[EventCountry "ESP"]
[SourceTitle "EXT 2024"]
[Source "ChessBase"]
[SourceDate "2023.10.10"]
[SourceVersion "1"]
[SourceVersionDate "2023.10.10"]
[SourceQuality "1"]
[WhiteTeam "Dr Azua"]
[BlackTeam "IberCaja II"]
[WhiteTeamCountry "ESP"]
[BlackTeamCountry "ESP"]

1. e4 d5 2. exd5 Qxd5 3. Nc3 Qd8 4. Bc4 Nf6 5. d4 a6 6. a4 Nc6 7. Nge2 e5 8. d5 Nb4 9. 0-0 Bf5 10. Bb3 c6 11. Ng3 Qd7 12. Qe2 Nbxd5 13. Qxe5+ Be6 14. Nxd5 Nxd5 15. Rd1 Qc7 16. Rxd5 1-0

[Event "Aragon-chT Preferente"]
[Site "Aragon"]
[Date "2021.05.15"]
[Round "8.31"]
[White "Antonano Fedz Quincoces, Avelino"]
[Black "Millan Martin, Alfonso"]
[Result "0-1"]
[WhiteElo "2044"]
[BlackElo "1940"]
[PlyCount "114"]
[EventDate "2021.03.13"]
[EventType "team-tourn"]
[EventRounds "9"]
[EventCountry "ESP"]
[SourceTitle "EXT 2024"]
[Source "ChessBase"]
[SourceDate "2023.10.10"]
[SourceVersion "1"]
[SourceVersionDate "2023.10.10"]
[SourceQuality "1"]
[WhiteTeam "Casablanca MyInvestor II"]
[BlackTeam "IberCaja II"]
[WhiteTeamCountry "ESP"]
[BlackTeamCountry "ESP"]

1. e4 d5 2. exd5 Qxd5 3. Nc3 Qd6 4. Bc4 Nf6 5. d3 a6 6. a4 Nc6 7. Nge2 Bg4 8. f3 Bh5 9. Be3 e6 10. 0-0 Nb4 11. Qd2 Nbd5 12. Bxd5 exd5 13. Rfe1 0-0-0 14. a5 Bg6 15. Ra4 Qd7 16. b4 Bd6 17. Rb1 c6 18. Bb6 Bc7 19. Nd4 Qd6 20. Bxc7 Qxc7 21. b5 cxb5 22. Ncxb5 Qc5 23. Rb3 Kb8 24. Rc3 Qe7 25. Rc7 Rd7 26. Rxd7 Qxd7 27. Nc3 Rc8 28. Rb4 Qc7 29. Na4 Nd7 30. Rb3 Qd6 31. Qb4 Qxb4 32. Rxb4 Kc7 33. Kf2 Rd8 34. Ke3 Re8+ 35. Kd2 f6 36. Nc3 Bf7 37. Nf5 Ne5 38. Rh4 h5 39. Ne3 g5 40. Ra4 Rd8 41. Ne2 Nc6 42. Nf5 h4 43. Ned4 Bg8 44. Ng7 Nxd4 45. Rxd4 Kc6 46. Nf5 Be6 47. Ne3 Kb5 48. c4+ Kxa5 49. cxd5 Bc8 50. d6 b5 51. Nc2 Kb6 52. Rd5 Bb7 53. Rd4 Kc5 54. d7 a5 55. g3 hxg3 56. hxg3 Bxf3 57. Kc3 Bc6 0-1

[Event "Aragon-chT Preferente Gr-I"]
[Site "Aragon"]
[Date "2020.03.07"]
[Round "7.35"]
[White "Millan Martin, Alfonso"]
[Black "Matamoros Villarreal, Antonio"]
[Result "1-0"]
[WhiteElo "1917"]
[BlackElo "1912"]
[PlyCount "68"]
[EventDate "2020.01.25"]
[EventType "team-tourn"]
[EventRounds "9"]
[EventCountry "ESP"]
[SourceTitle "EXT 2022"]
[Source "ChessBase"]
[SourceDate "2021.10.06"]
[SourceVersion "1"]
[SourceVersionDate "2021.10.06"]
[SourceQuality "1"]
[WhiteTeam "IberCaja II"]
[BlackTeam "Las Fuentes"]
[WhiteTeamCountry "ESP"]
[BlackTeamCountry "ESP"]

1. c4 Nf6 2. Nc3 b6 3. Nf3 Bb7 4. e3 g6 5. b3 Bg7 6. Bb2 0-0 7. Be2 e6 8. 0-0 c5 9. d4 d6 10. Qc2 Qe7 11. Rfd1 Nc6 12. Rac1 Rfd8 13. Qb1 cxd4 14. Nxd4 d5 15. Nxc6 Bxc6 16. Bf3 Qb7 17. cxd5 Nxd5 18. Nxd5 Bxd5 19. Bxd5 Rxd5 20. Bxg7 Rxd1+ 21. Rxd1 Kxg7 22. Qb2+ f6 23. Rd6 Re8 24. Qd4 Re7 25. h4 h5 26. e4 e5 27. Qd3 Qc7 28. g3 Qc1+ 29. Kg2 Qe1 30. Rd8 Qb4 31. Qd5 Kh6 32. Qa8 Rh7 33. Rh8 Qe7 34. Qg8 Qf7 1-0

[Event "Aragon-chT Preferente Gr II"]
[Site "Aragon"]
[Date "2018.02.24"]
[Round "5.54"]
[White "Carruez Berges, Santiago"]
[Black "Millan Martin, Alfonso"]
[Result "0-1"]
[WhiteElo "2026"]
[BlackElo "1931"]
[PlyCount "52"]
[EventDate "2018.01.27"]
[EventType "team-tourn"]
[EventRounds "9"]
[EventCountry "ESP"]
[SourceTitle "EXT 2019"]
[Source "ChessBase"]
[SourceDate "2018.10.10"]
[SourceVersion "1"]
[SourceVersionDate "2018.10.10"]
[SourceQuality "1"]
[WhiteTeam "Agrupacion II"]
[BlackTeam "IberCaja II"]
[WhiteTeamCountry "ESP"]
[BlackTeamCountry "ESP"]

1. e4 d5 2. exd5 Qxd5 3. Nc3 Qd8 4. d4 Nf6 5. Nf3 Bg4 6. Bc4 e6 7. h3 Bxf3 8. Qxf3 c6 9. Be3 Be7 10. 0-0-0 Nbd7 11. g4 Nb6 12. Bd3 Nbd5 13. Ne4 Nxe4 14. Bxe4 Nxe3 15. fxe3 Bh4 16. Kb1 0-0 17. Bd3 Qd5 18. Be4 Qg5 19. Rhf1 Rad8 20. Qe2 g6 21. Bf3 e5 22. Bg2 exd4 23. exd4 Qe7 24. Qf3 Rd6 25. Qa3 b6 26. Bxc6 Rxc6 0-1

[Event "Aragon-chT Preferente Gr II"]
[Site "Aragon"]
[Date "2018.02.17"]
[Round "4.66"]
[White "Millan Martin, Alfonso"]
[Black "Veras Sanz, Marino"]
[Result "1/2-1/2"]
[WhiteElo "1931"]
[BlackElo "2090"]
[PlyCount "42"]
[EventDate "2018.01.27"]
[EventType "team-tourn"]
[EventRounds "9"]
[EventCountry "ESP"]
[SourceTitle "EXT 2019"]
[Source "ChessBase"]
[SourceDate "2018.10.10"]
[SourceVersion "1"]
[SourceVersionDate "2018.10.10"]
[SourceQuality "1"]
[WhiteTeam "IberCaja II"]
[BlackTeam "El Olivar II"]
[WhiteTeamCountry "ESP"]
[BlackTeamCountry "ESP"]

1. c4 c5 2. Nf3 Nf6 3. g3 g6 4. Bg2 Bg7 5. 0-0 0-0 6. d4 cxd4 7. Nxd4 Nc6 8. Nc3 Qa5 9. Nxc6 dxc6 10. Qc2 Be6 11. Ne4 Nxe4 12. Bxe4 Rfd8 13. Bd3 Qe5 14. Be3 Rd7 15. b3 Qxa1 16. Rxa1 Bxa1 17. h4 Bd4 18. Bh6 Bg7 19. Be3 Bd4 20. Bh6 Bg7 21. Be3 Bd4 1/2-1/2

[Event "Aragon-chT Preferente Gr II"]
[Site "Aragon"]
[Date "2018.02.10"]
[Round "3.59"]
[White "Millan Martin, Alfonso"]
[Black "Martinez Carnicer, Eduardo"]
[Result "1/2-1/2"]
[WhiteElo "1931"]
[BlackElo "1738"]
[PlyCount "88"]
[EventDate "2018.01.27"]
[EventType "team-tourn"]
[EventRounds "9"]
[EventCountry "ESP"]
[SourceTitle "EXT 2019"]
[Source "ChessBase"]
[SourceDate "2018.10.10"]
[SourceVersion "1"]
[SourceVersionDate "2018.10.10"]
[SourceQuality "1"]
[WhiteTeam "IberCaja II"]
[BlackTeam "Sabinanigo"]
[WhiteTeamCountry "ESP"]
[BlackTeamCountry "ESP"]

1. c4 Nf6 2. Nc3 g6 3. g3 Bg7 4. Bg2 d6 5. Nf3 e5 6. d3 Nc6 7. 0-0 0-0 8. Rb1 a6 9. Bg5 h6 10. Bxf6 Bxf6 11. Nd5 Bg7 12. b4 Ne7 13. Nd2 c6 14. Nxe7+ Qxe7 15. a4 Be6 16. b5 axb5 17. axb5 d5 18. Qc2 Ra3 19. bxc6 bxc6 20. Rb3 Rfa8 21. Rfb1 Ra1 22. Rxa1 Rxa1+ 23. Rb1 Qa7 24. cxd5 cxd5 25. Rxa1 Qxa1+ 26. Qb1 Qc3 27. Nf1 Bf6 28. Ne3 Qc5 29. Qc2 Qxc2 30. Nxc2 Be7 31. d4 e4 32. Kf1 Kg7 33. Ke1 Kf6 34. Kd2 h5 35. Kc3 Bd6 36. Nb4 Kg5 37. Na6 f5 38. e3 h4 39. Bh3 hxg3 40. hxg3 Kf6 41. Bf1 g5 42. Nc5 f4 43. gxf4 gxf4 44. Nxe6 Kxe6 1/2-1/2

[Event "Aragon-chT Preferente Gr II"]
[Site "Aragon"]
[Date "2018.02.03"]
[Round "2.66"]
[White "Millan Martin, Alfonso"]
[Black "Planas Torrea, Alberto"]
[Result "1/2-1/2"]
[WhiteElo "1931"]
[BlackElo "1941"]
[PlyCount "58"]
[EventDate "2018.01.27"]
[EventType "team-tourn"]
[EventRounds "9"]
[EventCountry "ESP"]
[SourceTitle "EXT 2019"]
[Source "ChessBase"]
[SourceDate "2018.10.10"]
[SourceVersion "1"]
[SourceVersionDate "2018.10.10"]
[SourceQuality "1"]
[WhiteTeam "IberCaja II"]
[BlackTeam "Ejea"]
[WhiteTeamCountry "ESP"]
[BlackTeamCountry "ESP"]

1. c4 e6 2. Nc3 c6 3. d4 d5 4. cxd5 exd5 5. Nf3 Bd6 6. Bg5 Ne7 7. Bh4 Qb6 8. Bxe7 Bxe7 9. Qc2 Bg4 10. e3 Nd7 11. Be2 0-0 12. 0-0 f5 13. Ne5 Nxe5 14. dxe5 Bxe2 15. Qxe2 Rae8 16. Kh1 Bb4 17. f4 Bxc3 18. bxc3 Rd8 19. Rab1 Qc7 20. c4 Qf7 21. cxd5 Rxd5 22. Rfd1 Rfd8 23. Kg1 b6 24. a4 Kf8 25. Qc2 g6 26. Kf2 Qd7 27. Ke1 Rd3 28. Ke2 Rd5 29. Ke1 Rd3 1/2-1/2

[Event "Aragon-ch Seniors-A"]
[Site "Zaragoza"]
[Date "2017.06.03"]
[Round "7"]
[White "Millan Martin, Alfonso"]
[Black "Palomar Ramon, Santiago"]
[Result "1/2-1/2"]
[WhiteElo "1870"]
[BlackElo "1944"]
[PlyCount "40"]
[EventDate "2017.04.22"]
[EventType "swiss"]
[EventRounds "8"]
[EventCountry "ESP"]
[SourceTitle "EXT 2019"]
[Source "ChessBase"]
[SourceDate "2018.10.10"]
[SourceVersion "1"]
[SourceVersionDate "2018.10.10"]
[SourceQuality "1"]

1. Nf3 d5 2. d4 Nf6 3. c3 Nc6 4. Bf4 Bf5 5. e3 e6 6. Bb5 Bd6 7. Ne5 0-0 8. Bxc6 bxc6 9. Nxc6 Qd7 10. Ne5 Qb5 11. Qe2 Rfb8 12. Qxb5 Rxb5 13. b3 Nh5 14. Bg3 f6 15. Nf3 Nxg3 16. hxg3 g5 17. Ke2 Kg7 18. Nbd2 Ba3 19. c4 Ra5 20. c5 Rb8 1/2-1/2

[Event "Aragon-ch Seniors-A"]
[Site "Zaragoza"]
[Date "2017.04.22"]
[Round "1"]
[White "Celma Pueyo, Ramon"]
[Black "Millan Martin, Alfonso"]
[Result "0-1"]
[WhiteElo "1553"]
[BlackElo "1870"]
[PlyCount "44"]
[EventDate "2017.04.22"]
[EventType "swiss"]
[EventRounds "8"]
[EventCountry "ESP"]
[SourceTitle "EXT 2019"]
[Source "ChessBase"]
[SourceDate "2018.10.10"]
[SourceVersion "1"]
[SourceVersionDate "2018.10.10"]
[SourceQuality "1"]

1. d4 Nf6 2. c4 c5 3. e3 g6 4. Nf3 Bg7 5. Bd3 0-0 6. 0-0 cxd4 7. exd4 d5 8. Nc3 Nc6 9. cxd5 Nxd5 10. Be4 Nf6 11. Bxc6 bxc6 12. Qa4 Qb6 13. Ne5 Ba6 14. Re1 Bb5 15. Nxb5 cxb5 16. Qb4 Nd5 17. Qc5 Qxc5 18. dxc5 Rac8 19. Nd3 Bd4 20. Be3 Nxe3 21. Rxe3 Bxe3 22. fxe3 Rfd8 0-1

[Event "Aragon-chT Preferente A"]
[Site "Aragon"]
[Date "2016.04.02"]
[Round "9.36"]
[White "Sarto Ramos, Angel"]
[Black "Millan Martin, Alfonso"]
[Result "1/2-1/2"]
[WhiteElo "1880"]
[BlackElo "1750"]
[PlyCount "114"]
[EventDate "2016.01.30"]
[EventType "team-tourn"]
[EventRounds "9"]
[EventCountry "ESP"]
[SourceTitle "EXT 2018"]
[Source "ChessBase"]
[SourceDate "2017.10.13"]
[SourceVersion "1"]
[SourceVersionDate "2017.10.13"]
[SourceQuality "1"]
[WhiteTeam "El Olivar III"]
[BlackTeam "IberCaja II"]
[WhiteTeamCountry "ESP"]
[BlackTeamCountry "ESP"]

1. g3 e5 2. c4 Nf6 3. Bg2 d5 4. cxd5 Nxd5 5. Nc3 Nb6 6. Nf3 Nc6 7. 0-0 Be7 8. d3 0-0 9. a3 Be6 10. b4 a6 11. Bb2 Qd7 12. Ne4 f6 13. Nc5 Bxc5 14. bxc5 Nd5 15. e4 Nde7 16. d4 exd4 17. Nxd4 Nxd4 18. Qxd4 Rad8 19. Qxd7 Rxd7 20. Rfd1 Rxd1+ 21. Rxd1 Nc6 22. Bc3 Rd8 23. Rxd8+ Nxd8 24. Ba5 b6 25. cxb6 cxb6 26. Bxb6 Nf7 27. Bf1 Bc8 28. Bc4 Kf8 29. f4 Ke8 30. Bc5 Nd8 31. Kf2 Ne6 32. Be3 Kd7 33. f5 Nc7 34. Bd4 Kd6 35. a4 Bd7 36. Bb3 Kc6 37. Ke3 Ne8 38. g4 Nd6 39. h4 a5 40. h5 h6 41. e5 fxe5 42. Bxe5 Ne8 43. Bc3 Nf6 44. Bxa5 Nxg4+ 45. Kf4 Nf6 46. Bd1 Be8 47. Bf3+ Kc5 48. Ke5 Bxa4 49. Bd8 Ne8 50. Be7+ Kb6 51. Bd5 Kc7 52. Bf7 Kd7 53. Bf8 Bd1 54. Bg6 Be2 55. Bf7 Bd1 56. Bxe8+ Kxe8 57. Bxg7 Bxh5 1/2-1/2

[Event "Aragon-chT Preferente A"]
[Site "Aragon"]
[Date "2016.02.13"]
[Round "3.52"]
[White "Garcia Estruch, Jorge"]
[Black "Millan Martin, Alfonso"]
[Result "1/2-1/2"]
[WhiteElo "1883"]
[BlackElo "1750"]
[PlyCount "126"]
[EventDate "2016.01.30"]
[EventType "team-tourn"]
[EventRounds "9"]
[EventCountry "ESP"]
[SourceTitle "EXT 2018"]
[Source "ChessBase"]
[SourceDate "2017.10.13"]
[SourceVersion "1"]
[SourceVersionDate "2017.10.13"]
[SourceQuality "1"]
[WhiteTeam "Sabinanigo"]
[BlackTeam "IberCaja II"]
[WhiteTeamCountry "ESP"]
[BlackTeamCountry "ESP"]

1. e4 d5 2. exd5 Qxd5 3. Nc3 Qd8 4. d4 Nf6 5. Nf3 Bg4 6. Be3 c6 7. Bc4 e6 8. a3 Nbd7 9. Be2 Qc7 10. Qd2 Bd6 11. h3 Bh5 12. 0-0 0-0 13. Rfe1 Nd5 14. Ne4 Nxe3 15. fxe3 Be7 16. Rf1 Rad8 17. Qe1 c5 18. c3 Bg6 19. Ned2 cxd4 20. exd4 Bd6 21. Bc4 e5 22. dxe5 Nxe5 23. Nxe5 Bxe5 24. Ba2 Bg3 25. Qe3 Rfe8 26. Qg5 Qe5 27. Nf3 Qe3+ 28. Kh1 Qxg5 29. Nxg5 Rd7 30. Rad1 Rxd1 31. Rxd1 Re1+ 32. Rxe1 Bxe1 33. Nf3 Bf2 34. Ne5 Be3 35. b4 Bc1 36. Bd5 Bb2 37. Bxb7 Bxc3 38. Nc6 Bb2 39. a4 Bc2 40. a5 Kf8 41. Nxa7 Bc3 42. Nc6 Be4 43. a6 Bxc6 44. Bxc6 Bd4 45. g3 Ke7 46. Kg2 Kd6 47. b5 f5 48. Kf3 g5 49. Ke2 f4 50. Kf3 fxg3 51. Kxg3 Kc7 52. Kg4 Kb6 53. Kxg5 Be3+ 54. Kf5 h6 55. h4 Bf2 56. h5 Bg1 57. Ke6 Kc7 58. Kf6 Kb6 59. Ke7 Kc7 60. Ke6 Kb6 61. Ke5 Kc7 62. Kd5 Bf2 63. Kc4 Kb6 1/2-1/2

[Event "Autonomico-chT"]
[Site "Aragon"]
[Date "2005.03.05"]
[Round "6.25"]
[White "Soriano Ascaso, Ignacio"]
[Black "Millan Martin, Alfonso"]
[Result "1-0"]
[WhiteElo "2185"]
[BlackElo "2167"]
[PlyCount "53"]
[EventDate "2005.01.22"]
[EventType "team-tourn"]
[EventRounds "12"]
[EventCountry "ESP"]
[SourceTitle "EXT 2006"]
[Source "ChessBase"]
[SourceDate "2005.11.24"]
[SourceVersion "1"]
[SourceVersionDate "2005.11.24"]
[SourceQuality "1"]

1. Nc3 c5 2. Nf3 Nc6 3. d4 cxd4 4. Nxd4 e5 5. Ndb5 a6 6. Nd6+ Bxd6 7. Qxd6 Qf6 8. Qxf6 Nxf6 9. Bg5 Nb4 10. 0-0-0 d5 11. a3 d4 12. Bxf6 gxf6 13. Ne4 Nc6 14. Nxf6+ Kf8 15. h4 Kg7 16. Nh5+ Kf8 17. f4 exf4 18. Nxf4 Bf5 19. g3 Be4 20. Rg1 Rg8 21. Bh3 Rd8 22. g4 h6 23. Rgf1 Ke7 24. e3 dxe3 25. Rde1 Kd6 26. Rxe3 Bh7 27. Nh5 1-0

[Event "Autonomico-chT"]
[Site "Aragon"]
[Date "2005.02.12"]
[Round "3.41"]
[White "Millan Martin, Alfonso"]
[Black "Estopanan Olivan, Angel C"]
[Result "1/2-1/2"]
[WhiteElo "2167"]
[BlackElo "2077"]
[PlyCount "70"]
[EventDate "2005.01.22"]
[EventType "team-tourn"]
[EventRounds "12"]
[EventCountry "ESP"]
[SourceTitle "EXT 2006"]
[Source "ChessBase"]
[SourceDate "2005.11.24"]
[SourceVersion "1"]
[SourceVersionDate "2005.11.24"]
[SourceQuality "1"]

1. e4 c5 2. c4 Nc6 3. Nc3 g6 4. g3 Bg7 5. Bg2 d6 6. d3 e6 7. Nge2 Nge7 8. 0-0 0-0 9. Rb1 Rb8 10. a3 a6 11. b4 cxb4 12. axb4 b5 13. cxb5 axb5 14. d4 e5 15. Be3 Nxd4 16. Nxd4 exd4 17. Bxd4 Bxd4 18. Qxd4 Nc6 19. Qd2 Ne5 20. Nd5 Be6 21. Ra1 Bxd5 22. Qxd5 Qf6 23. Ra5 g5 24. h3 Rfc8 25. f4 Nc4 26. Rxb5 Rxb5 27. Qxb5 Qd4+ 28. Kh1 Ne3 29. Rg1 Nxg2 30. Qxg5+ Kf8 31. Qf5 Rc2 32. Rxg2 Qd1+ 33. Kh2 Rxg2+ 34. Kxg2 Qe2+ 35. Kg1 Qe1+ 1/2-1/2